Mariano Marcos State University

University Library System

iNAP: an agriculture portal for the Province of Ilocos Norte, Philippines (Record no. 9661)

MARC details
000 -LEADER
fixed length control field 00559nam a22001697a 4500
003 - CONTROL NUMBER IDENTIFIER
control field OSt
005 - DATE AND TIME OF LATEST TRANSACTION
control field 20171010095501.0
008 - FIXED-LENGTH DATA ELEMENTS--GENERAL INFORMATION
fixed length control field 120726t xxu||||| |||| 00| 0 eng d
040 ## - CATALOGING SOURCE
Original cataloging agency MMSU
Transcribing agency ULS
100 ## - MAIN ENTRY--PERSONAL NAME
Personal name Villacillo, Reynold P.
9 (RLIN) 11524
245 ## - TITLE STATEMENT
Title iNAP: an agriculture portal for the Province of Ilocos Norte, Philippines
Statement of responsibility, etc. Reynold P. Villacillo
260 ## - PUBLICATION, DISTRIBUTION, ETC.
Date of publication, distribution, etc. 2008
300 ## - PHYSICAL DESCRIPTION
Extent xv, 282 leaves
Dimensions 28 cm.
500 ## - GENERAL NOTE
General note Thesis (MS in Information Technology) -- De la Salle University-Manila
504 ## - BIBLIOGRAPHY, ETC. NOTE
Bibliography, etc. note Bibliography: leaves 157-162
942 ## - ADDED ENTRY ELEMENTS (KOHA)
Source of classification or shelving scheme
Koha item type Thesis/Dissertation
Holdings
Withdrawn status Lost status Source of classification or shelving scheme Damaged status Not for loan Home library Current library Date acquired Total Checkouts Barcode Date last seen Price effective from Koha item type Public note
          REF REF 07/26/2012   635 10/10/2017 10/10/2017 Thesis/Dissertation Library Use only

© 2023 Mariano Marcos State University. All Rights Reserved.

Powered by Koha